[Event "3rd Kolkata Open Grandmaster Chess Tournament "]
[Site "Kolkata India"]
[EventDate "2008.03.23"]
[Date "2008.03.29"]
[Round "6"]
[White "Dobrov, Vladimir"]
[WhiteTitle "GM"]
[WhiteElo "2501"]
[Black "Konguvel, Ponnuswamy"]
[BlackTitle "IM"]
[BlackElo "2394"]
[Result "1-0"]
[Source "MonRoi"]

1. e4 c5 2. a3 g6 3. h4 h5 4. Nc3 Bg7 5. Bc4 Nc6 6. d3 Nf6 7. Nge2 d6 8. Bg5 a6 9. Qd2 b5 10. Ba2 Bb7 11. O-O Ne5 12. Rae1 O-O 13. f4 Neg4 14. f5 gxf5 15. Rxf5 c4 16. Ng3 e6 17. Rff1 Qc7 18. d4 Qb6 19. Kh1 Nh7 20. Nce2 f6 21. Be3 e5 22. Bg1 f5 23. Nxf5 Rxf5 24. Rxf5 Bxe4 25. Ng3 Bxf5 26. Nxf5 Rf8 27. Ne7 Kh8 28. dxe5 Nf2 29. Bxf2 Qxf2 30. Ng6 Kg8 31. Re2 Qf1 32. Kh2 Bxe5 33. Nxe5 dxe5 34. Rxe5 Qf4 35. Qxf4 Rxf4 36. a4 Rxh4 37. Kg1 Nf6 38. axb5 axb5 39. Rxb5 Rd4 40. c3 Rd1 41. Kf2 Kg7 42. Bxc4 Kg6 43. Be2 Rd2 44. Ke3 Rd6 45. Bf3 h4 46. b4 Rd8 47. c4 Re8 48. Kf4 Rc8 49. c5 Rd8 50. Rb6 Re8 51. b5 Re1 52. Rd6 Rc1 53. c6 Rc4 54. Ke5 Rc5 55. Bd5  1-0

[Event "3rd Kolkata Open Grandmaster Chess Tournament "]
[Site "Kolkata India"]
[EventDate "2008.03.23"]
[Date "2008.03.29"]
[Round "6"]
[White "Ashwin, Jayaram"]
[WhiteTitle "IM"]
[WhiteElo "2478"]
[Black "Palit, Somak"]
[BlackTitle "-"]
[BlackElo "2340"]
[Result "1-0"]
[Source "MonRoi"]

1. e4 e5 2. Nf3 Nc6 3. Bb5 a6 4. Ba4 Nf6 5. O-O Nxe4 6. d4 b5 7. Bb3 d5 8. dxe5 Be6 9. Nbd2 Nc5 10. c3 d4 11. Bxe6 Nxe6 12. cxd4 Ncxd4 13. a4 Bb4 14. axb5 Nxb5 15. Qb3 Qe7 16. Ra4 a5 17. Qd5 Rb8 18. Nb3 O-O 19. Be3 Rfd8 20. Qc4 Qd7 21. Nxa5 Bxa5 22. Rxa5 Qd3 23. Ra4 Qxc4 24. Rxc4 Rd5 25. h4 h5 26. g3 Kh7 27. Rfc1 Rb7 28. R1c2 Na7 29. Ng5 Nxg5 30. hxg5 Nb5 31. Re4 Kg8 32. e6 fxe6 33. Rxe6 Kf7 34. Rec6 Rd6 35. R6c5 g6 36. Bf4 Rd7 37. Be5 Nd6 38. Rc6 Ke6 39. Re2 Kf7 40. Re3 Rb5 41. Rf3 Nf5 42. Bxc7 Kg7 43. Rc4 Rd2 44. Bf4 Rdxb2 45. Rc7 Kf8 46. Ra3 Rb8 47. Raa7 Re8 48. Rf7 Kg8 49. Rf6 Re1 50. Kg2 Ree2 51. Ra8 Kg7 52. Ra7 Kg8 53. Rxg6 Kh8 54. Rf6 Rxf2 55. Kg1 Rg2 56. Kf1 Rbf2 57. Ke1 Re2 58. Kd1 Kg8 59. Ra8 Kh7 60. Rxf5 Rb2 61. Rf7 Kg6 62. Rf6 Kg7 63. Ra7 Kg8 64. Rg6  1-0

[Event "3rd Kolkata Open Grandmaster Chess Tournament "]
[Site "Kolkata India"]
[EventDate "2008.03.23"]
[Date "2008.03.29"]
[Round "6"]
[White "Venkatesh, M R"]
[WhiteTitle "IM"]
[WhiteElo "2444"]
[Black "Udeshi, Aditya"]
[BlackTitle "-"]
[BlackElo "2331"]
[Result "1-0"]
[Source "MonRoi"]

1. e4 d5 2. exd5 Qxd5 3. Nc3 Qa5 4. d4 c6 5. Nf3 Nf6 6. Bc4 Bf5 7. Ne5 e6 8. g4 Bg6 9. h4 Nbd7 10. Nxd7 Nxd7 11. h5 Be4 12. Rh3 Bd5 13. Be2 O-O-O 14. Bd2 Qc7 15. Bg5 f6 16. Nxd5 exd5 17. Bh4 Bd6 18. Qd3 Bf4 19. Kf1 g6 20. Kg2 Rde8 21. Bf3 f5 22. Kh1 g5 23. Bg3 Bxg3 24. Rxg3 f4 25. Rgg1 Qd6 26. Rae1 h6 27. b3 Re7 28. Rxe7 Qxe7 29. c4 dxc4 30. bxc4 Rd8 31. Qc3 Nb6 32. Re1 Qd7 33. d5 cxd5 34. cxd5 Qc7 35. Qf6 Nxd5 36. Qe6 Qd7 37. Bxd5 Qxe6 38. Bxe6 Kc7 39. Bb3 Rd6 40. Kg2 b5 41. Re5 Kb6 42. Kf3 a5 43. Re6 Rxe6 44. Bxe6 Kc5 45. Ke4 a4 46. a3 b4 47. axb4 Kxb4 48. Kf5 f3 49. Kg6 Kc3 50. Kxh6 Kd2 51. Kxg5  1-0

[Event "3rd Kolkata Open Grandmaster Chess Tournament "]
[Site "Kolkata India"]
[EventDate "2008.03.23"]
[Date "2008.03.29"]
[Round "6"]
[White "Laxman, R R"]
[WhiteTitle "IM"]
[WhiteElo "2440"]
[Black "Ramakrishna, J"]
[BlackTitle "FM"]
[BlackElo "2296"]
[Result "0-1"]
[Source "MonRoi"]

1. Nf3 c5 2. c4 Nc6 3. Nc3 e5 4. g3 d6 5. Bg2 Be7 6. d3 f5 7. O-O Nf6 8. Bg5 O-O 9. e3 Be6 10. Nd2 Kh8 11. Bxf6 Bxf6 12. Nd5 Qd7 13. Rb1 g5 14. a3 Rae8 15. b4 Nd8 16. Nxf6 Rxf6 17. bxc5 dxc5 18. Qb3 Qg7 19. Qa4 Ref8 20. Qxa7 f4 21. Qxc5 f3 22. Nxf3 Rxf3 23. Bxf3 Rxf3 24. Qd6 Rf8 25. Rb5 e4 26. Rxg5 Qf6 27. dxe4 Re8 28. Rc5 Nc6 29. Qf4 Qe7 30. Qg5 Qf7 31. Rb1 Rf8 32. f4 Rg8 33. Qh5 Qd7 34. Qd1 Qe7 35. Rcb5 Bxc4 36. Rxb7 Qxe4 37. Qc1 Rd8 38. Qc3 Rd4 39. R1b5 Qf3 40. Rb8 Kg7 41. R8b7 Kh6  0-1

[Event "3rd Kolkata Open Grandmaster Chess Tournament "]
[Site "Kolkata India"]
[EventDate "2008.03.23"]
[Date "2008.03.29"]
[Round "6"]
[White "Shetty, Rahul"]
[WhiteTitle "IM"]
[WhiteElo "2320"]
[Black "Arun Prasad, S"]
[BlackTitle "IM"]
[BlackElo "2423"]
[Result "0-1"]
[Source "MonRoi"]

1. e4 c5 2. Nf3 d6 3. Bc4 Nf6 4. d3 Nc6 5. c3 g6 6. O-O Bg7 7. h3 O-O 8. Bb3 b5 9. Re1 Bb7 10. Nbd2 Nd7 11. Nf1 b4 12. d4 Rc8 13. Ng3 Nb6 14. Bf4 bxc3 15. bxc3 Na5 16. Qe2 Qc7 17. Rac1 Nxb3 18. axb3 Nd7 19. Qe3 Rfd8 20. Bh6 Bh8 21. h4 Nf8 22. h5 Qd7 23. d5 e6 24. c4 Re8 25. Qg5 Rb8 26. Rcd1 e5 27. Qh4 Bc8 28. Rd3 Qg4 29. Qh1 Bf6 30. Nh2 Qd7 31. Rf3 Qe7 32. Nf5 gxf5 33. exf5 Kh8 34. Ng4 Nd7 35. Rg3 Rg8 36. Ree3 Ba6 37. Qh3 Rbe8 38. f4 e4 39. Nxf6 Qxf6 40. Rxg8 Rxg8 41. Bg5 Qd4 42. Kh2 Bc8 43. Rg3 Qd1 44. Qh4 Qd4 45. Bh6 Rxg3 46. Qxg3 Qf6 47. Bg5 Qxf5 48. Qc3 f6 49. g3 Kg8 50. Bh4 Qxh5 51. Qa5 Qe2 52. Kg1 Nf8  0-1

[Event "3rd Kolkata Open Grandmaster Chess Tournament "]
[Site "Kolkata India"]
[EventDate "2008.03.23"]
[Date "2008.03.29"]
[Round "6"]
[White "Shashikant, Kutwal"]
[WhiteTitle "-"]
[WhiteElo "2316"]
[Black "Barbosa, Oliver"]
[BlackTitle "-"]
[BlackElo "2410"]
[Result "0-1"]
[Source "MonRoi"]

1. e4 c5 2. Nf3 d6 3. d4 cxd4 4. Nxd4 Nf6 5. Nc3 a6 6. Be3 e5 7. Nf3 Be7 8. Bc4 Nc6 9. O-O O-O 10. Qe2 b5 11. Bb3 Be6 12. Rfd1 Qc7 13. Bg5 b4 14. Bxf6 bxc3 15. Bxe7 cxb2 16. Bxf8 bxa1R 17. Rxa1 Kxf8 18. Bxe6 fxe6 19. Qc4 Qc8 20. Ng5 Nd4 21. Qd3 h6 22. c3 Qxc3 23. Nxe6 Kf7 24. Qxc3 Ne2 25. Kf1 Nxc3 26. Nc7 Ra7 27. Nd5 Nxe4 28. Rc1 Nc5 29. Ke2 Rb7 30. Rc2 Ke6 31. Ne3 Rb5 32. Nc4 d5 33. Na3 Ra5 34. Nb1 d4 35. Rb2 Kd5 36. f3 g5 37. g4 Rb5 38. Rxb5 axb5 39. Nd2 b4 40. h3 e4 41. fxe4 Nxe4 42. Nf3 Nc3 43. Kd3 Nxa2 44. Nxd4 Nc1 45. Ke3 b3 46. Nb5 Kc4 47. Na3 Kb4 48. Nb1 b2 49. Ke4 Kb3 50. Nd2 Ka2 51. Ke5 Nb3 52. Ne4 Ka1 53. Nc3 Nc5  0-1

[Event "3rd Kolkata Open Grandmaster Chess Tournament "]
[Site "Kolkata India"]
[EventDate "2008.03.23"]
[Date "2008.03.30"]
[Round "7"]
[White "Rahman, Ziaur"]
[WhiteTitle "GM"]
[WhiteElo "2492"]
[Black "Saptarshi, Roy"]
[BlackTitle "IM"]
[BlackElo "2404"]
[Result "1/2-1/2"]
[Source "MonRoi"]

1. Nf3 d5 2. d4 Nc6 3. g3 Bf5 4. Bg2 e6 5. O-O Be7 6. c4 Nf6 7. cxd5 exd5 8. Nc3 Ne4 9. Qb3 Nxc3 10. Qxc3 O-O 11. Bf4 Re8 12. a3 a5 13. Rad1 Qc8 14. Rfe1 Be4 15. Bf1 Bf6 16. Ne5 Bxe5 17. Bxe5 Nxe5 18. dxe5 c6 19. f3 Bf5 20. Bg2 Qb8 21. f4 Qa7 22. e3 a4  1/2-1/2

[Event "3rd Kolkata Open Grandmaster Chess Tournament "]
[Site "Kolkata India"]
[EventDate "2008.03.23"]
[Date "2008.03.30"]
[Round "7"]
[White "Saravanan, V"]
[WhiteTitle "IM"]
[WhiteElo "2379"]
[Black "Sandipan, Chanda"]
[BlackTitle "GM"]
[BlackElo "2593"]
[Result "0-1"]
[Source "MonRoi"]

1. Nf3 d5 2. d4 Nf6 3. c4 c6 4. e3 Bg4 5. h3 Bh5 6. Nc3 e6 7. g4 Bg6 8. Ne5 Nbd7 9. Nxg6 hxg6 10. Bd2 Bb4 11. Bd3 dxc4 12. Bxc4 Bxc3 13. Bxc3 Ne4 14. Qc2 Nxc3 15. Qxc3 Nb6 16. Be2 Qd5 17. f3 Qg5 18. Kf2 Nd5 19. Qb3 Qh4 20. Kg2 f5 21. Bc4 f4 22. Bxd5 Qg3 23. Kf1 exd5 24. exf4 O-O 25. Qe3 Rxf4 26. Ke2 Qg2  0-1

[Event "3rd Kolkata Open Grandmaster Chess Tournament "]
[Site "Kolkata India"]
[EventDate "2008.03.23"]
[Date "2008.03.30"]
[Round "7"]
[White "Bakre, Tejas"]
[WhiteTitle "GM"]
[WhiteElo "2459"]
[Black "David, Alberto"]
[BlackTitle "GM"]
[BlackElo "2557"]
[Result "1/2-1/2"]
[Source "MonRoi"]

1. c4 e5 2. Nc3 Nf6 3. Nf3 Nc6 4. a3 d5 5. cxd5 Nxd5 6. Qc2 Be7 7. e3 O-O 8. Bb5 Nxc3 9. dxc3 Bd6 10. e4 Ne7 11. Bg5  1/2-1/2

[Event "3rd Kolkata Open Grandmaster Chess Tournament "]
[Site "Kolkata India"]
[EventDate "2008.03.23"]
[Date "2008.03.30"]
[Round "7"]
[White "Nolte, Rolando"]
[WhiteTitle "-"]
[WhiteElo "2412"]
[Black "Safin, Shukhrat"]
[BlackTitle "GM"]
[BlackElo "2493"]
[Result "1/2-1/2"]
[Source "MonRoi"]

1. e4 e5 2. Nf3 Nc6 3. Bb5 a6 4. Ba4 Nf6 5. O-O Be7 6. Re1 b5 7. Bb3 d6 8. c3 O-O 9. h3 Nd7 10. d4 Bb7 11. a4 Bf6 12. Be3 Na5 13. Bc2 c5 14. Nbd2 exd4 15. cxd4 Re8 16. Bf4 cxd4 17. Bxd6 Nc4 18. Nxc4 bxc4 19. Nxd4 Ne5 20. Nf5 Qb6 21. a5 Qa7 22. Bc7 Bd8 23. Bxe5 Rxe5 24. Qg4 Bf6 25. Rad1 h5 26. Qg3 Bc8 27. Ne3 Rg5 28. Qf3 Be6 29. Nd5 Bxb2 30. Qf4 f6 31. h4 Re5 32. Nb6 Rf8 33. Rd6 Qe7 34. Red1 Rxa5 35. Nd7 Be5 36. Nxe5 Rxe5 37. Rxa6 Rd8 38. Rxd8 Qxd8 39. Qe3 Bf7 40. Ra7 Ra5 41. Rxa5 Qxa5 42. g3 Qa1 43. Kg2 Qb2 44. Qd2 Be6 45. Qd8 Kh7 46. Qd1 Bg4 47. Qd2 g6 48. Qd6 Qe5 49. Qxe5 fxe5 50. f4  1/2-1/2

[Event "3rd Kolkata Open Grandmaster Chess Tournament "]
[Site "Kolkata India"]
[EventDate "2008.03.23"]
[Date "2008.03.30"]
[Round "7"]
[White "Satyapragyan, Swayangsu"]
[WhiteTitle "IM"]
[WhiteElo "2406"]
[Black "Abdulla, Al Rakib"]
[BlackTitle "GM"]
[BlackElo "2506"]
[Result "0-1"]
[Source "MonRoi"]

1. e4 e5 2. Nf3 Nc6 3. Bb5 a6 4. Ba4 Nf6 5. d3 d6 6. c3 g6 7. O-O Bg7 8. Re1 O-O 9. Bg5 h6 10. Bh4 Qe8 11. Nbd2 Nd7 12. Nf1 Nc5 13. Bc2 Ne6 14. Ne3 Bd7 15. Nd5 g5 16. Bg3 Rc8 17. h4 f6 18. Nd2 Nf4 19. Nf1 Nxd5 20. exd5 Ne7 21. d4 exd4 22. Qxd4 f5 23. Qd3 Bf6 24. hxg5 hxg5 25. f4 Qh5 26. Nd2 Rf7 27. fxg5 Bxg5 28. Nf3 Bf6 29. Bf2 Ng6 30. Bd4 Nf4 31. Qd2 Bxd4 32. cxd4 Qg4 33. Nh2 Qg5 34. Rad1 Kg7 35. g4 fxg4 36. Be4 Rcf8 37. Rf1 g3 38. Nf3 Qh5  0-1

[Event "3rd Kolkata Open Grandmaster Chess Tournament "]
[Site "Kolkata India"]
[EventDate "2008.03.23"]
[Date "2008.03.30"]
[Round "7"]
[White "Kamble, Vikramaditya"]
[WhiteTitle "IM"]
[WhiteElo "2387"]
[Black "Ashwin, Jayaram"]
[BlackTitle "IM"]
[BlackElo "2478"]
[Result "0-1"]
[Source "MonRoi"]

1. Nf3 Nf6 2. c4 g6 3. Nc3 d5 4. Qa4 Bd7 5. Qb3 dxc4 6. Qxc4 a6 7. e4 b5 8. Qc5 Bg4 9. e5 Nfd7 10. Qd4 Bxf3 11. e6 Ne5 12. Qxe5 f6 13. Qc5 Bb7 14. a4 Bg7 15. axb5 O-O 16. Bc4 axb5 17. Rxa8 Bxa8 18. Bd5 c6 19. Qa7 cxd5 20. Qxa8 d4 21. Nxb5 Qb6 22. Qa4 Qxe6 23. Kd1 Qg4 24. Kc2 Rc8 25. Kb1 Qxg2 26. Qb3 Kh8 27. Re1 Nc6 28. Qe6 Rb8 29. Re4 f5 30. Re1 Qf3 31. Na3 Qd3 32. Ka1 Nb4 33. Qxe7 Nc2 34. Nxc2 Qxc2 35. Qa7 Qc8 36. Kb1 Ra8 37. Qb6 Qc4 38. b3 Qd3 39. Kb2 Rc8 40. Qb7 Qc2 41. Ka3 Bf8 42. b4 Bxb4 43. Kxb4 Qb1  0-1

[Event "3rd Kolkata Open Grandmaster Chess Tournament "]
[Site "Kolkata India"]
[EventDate "2008.03.23"]
[Date "2008.03.30"]
[Round "7"]
[White "Sriram, Jha"]
[WhiteTitle "IM"]
[WhiteElo "2457"]
[Black "Debashis, Das"]
[BlackTitle "-"]
[BlackElo "2279"]
[Result "1-0"]
[Source "MonRoi"]

1. d4 d5 2. c4 c6 3. Nf3 Nf6 4. Nc3 e6 5. Bg5 h6 6. Bh4 dxc4 7. e4 g5 8. Bg3 b5 9. Be2 Bb7 10. O-O Nbd7 11. Qc2 Qb6 12. Rad1 Bg7 13. Bd6 c5 14. e5 Nd5 15. dxc5 Nxc5 16. Nxb5 Qxb5 17. Bxc4 Qb6 18. Bxd5 Bxd5 19. Bxc5 Rc8 20. Rc1 Qa5 21. b4 Qa3 22. Qe2 a6 23. Rc2 Bf8 24. Bd6 Rd8 25. Rd1 Bxd6 26. Rxd5 Be7 27. Rxd8 Bxd8 28. Qc4 O-O 29. Nd4 Be7 30. Nc6 Re8 31. h4 Bf8 32. hxg5 hxg5 33. Qg4 Bh6 34. Qc4 Qa4 35. Rd2 Qb5 36. Qe4 Kg7 37. Qf3 Kg8 38. Rd7 Rf8 39. Rc7 Qb6 40. Ne7 Kh7 41. Qe4 Kg7 42. Rb7 Qd8 43. Qe2 Qd4 44. Nc6 Qc3 45. Qf3 Qxf3 46. gxf3 Ra8 47. a4 Kg6 48. a5 Bf8 49. Kg2 f6 50. Ne7 Bxe7 51. Rxe7 fxe5 52. Rxe6 Kf5 53. Rb6 e4 54. Kg3 exf3 55. Kxf3 Ra7 56. b5 axb5 57. Rxb5 Kf6 58. Kg4 Rc7 59. Rf5 Ke6 60. Rxg5  1-0

[Event "3rd Kolkata Open Grandmaster Chess Tournament "]
[Site "Kolkata India"]
[EventDate "2008.03.23"]
[Date "2008.03.30"]
[Round "7"]
[White "Murali, Krishnan B T"]
[WhiteTitle "-"]
[WhiteElo "2363"]
[Black "Venkatesh, M R"]
[BlackTitle "IM"]
[BlackElo "2444"]
[Result "1-0"]
[Source "MonRoi"]

1. d4 Nf6 2. c4 e6 3. Nf3 c5 4. d5 b5 5. dxe6 fxe6 6. cxb5 d5 7. Nbd2 Bb7 8. g3 Bd6 9. Bg2 O-O 10. O-O Nbd7 11. b3 Qc7 12. a4 Ne5 13. Ba3 Nxf3 14. Nxf3 e5 15. Rc1 Qe7 16. Nh4 g6 17. Qd2 d4 18. Bxb7 Qxb7 19. Qd3 Rac8 20. e3 Qe4 21. Qc4 Kg7 22. Rce1 Qb7 23. f3 Nd5 24. Ng2 Rf6 25. Bb2 Nb4 26. f4 e4 27. Rc1 Nd3 28. Bxd4 cxd4 29. Qxc8 Qxc8 30. Rxc8 Bc5 31. Ne1 dxe3 32. Nxd3 exd3 33. Rxc5 Rd6 34. Re5 e2 35. Re1 Kf6 36. Kf2 d2 37. R5xe2 dxe1Q 38. Rxe1 Rd3 39. Re3 Rd2 40. Kf3 Rxh2 41. Ke4 Rc2 42. Kd4 h5 43. a5 Rc8 44. Kd5 Rb8 45. Kc6 Rc8 46. Kd7 Rc5 47. b6 Rxa5 48. b7 Rb5 49. Kc6 Rb4 50. Kc7  1-0

[Event "3rd Kolkata Open Grandmaster Chess Tournament "]
[Site "Kolkata India"]
[EventDate "2008.03.23"]
[Date "2008.03.30"]
[Round "7"]
[White "Sundararajan, Kidambi"]
[WhiteTitle "IM"]
[WhiteElo "2442"]
[Black "Prakash, G B"]
[BlackTitle "IM"]
[BlackElo "2341"]
[Result "1-0"]
[Source "MonRoi"]

1. d4 d5 2. c4 e6 3. Nf3 Nf6 4. g3 c6 5. Bg2 Nbd7 6. O-O Bd6 7. Nc3 O-O 8. Nd2 Re8 9. e4 e5 10. exd5 cxd5 11. Nxd5 exd4 12. Nf3 Nxd5 13. cxd5 b6 14. Nxd4 Qf6 15. Nb5 Ba6 16. Nxd6 Qxd6 17. Re1 Qb4 18. Be3 Qxb2 19. Rb1 Qf6 20. Qa4 b5 21. Qa3 Bb7 22. Rxb5 Nb6 23. Rc1 Rac8 24. Rbc5 Rxc5 25. Qxc5 Qb2 26. d6 Bxg2 27. Kxg2 Qxa2 28. Qc6 Rd8 29. Bxb6 axb6 30. d7 Kf8 31. Qd6 Kg8 32. Rc8  1-0

[Event "3rd Kolkata Open Grandmaster Chess Tournament "]
[Site "Kolkata India"]
[EventDate "2008.03.23"]
[Date "2008.03.30"]
[Round "7"]
[White "Arun Prasad, S"]
[WhiteTitle "IM"]
[WhiteElo "2423"]
[Black "Babu, N Sudhakar"]
[BlackTitle "IM"]
[BlackElo "2333"]
[Result "1-0"]
[Source "MonRoi"]

1. d4 Nf6 2. c4 e6 3. Nc3 d5 4. cxd5 exd5 5. Bg5 c6 6. e3 Bf5 7. Nge2 Be7 8. Ng3 Be6 9. Bd3 h6 10. Bf4 Bd6 11. Bxd6 Qxd6 12. Qc2 Nbd7 13. O-O-O O-O 14. h4 Rac8 15. Nf5 Bxf5 16. Bxf5 Kh8 17. Kb1 Rce8 18. h5 Nb6 19. g4 Qe7 20. Rhg1 Ne4 21. Nxe4 dxe4 22. g5 hxg5 23. Rg4 Nd5 24. Rdg1 Qf6 25. Bxe4 Nb4 26. Qd2 a5 27. a3 Rxe4 28. Rxe4 Qf5 29. f3 Nd5 30. Qg2 Nf6 31. Qxg5 Qxg5 32. Rxg5 Nxe4 33. fxe4 Re8 34. e5 Kh7 35. Kc2 Kh6 36. Rf5 Re7 37. Kd3 g6 38. hxg6 fxg6 39. Rf8 a4 40. Ke4 Kg5 41. Ra8 Kg4 42. Rxa4 g5 43. Ra8 Kg3 44. Kf5 g4 45. e6 Kf2  1-0

[Event "3rd Kolkata Open Grandmaster Chess Tournament "]
[Site "Kolkata India"]
[EventDate "2008.03.23"]
[Date "2008.03.30"]
[Round "7"]
[White "Hossain, Enamul"]
[WhiteTitle "IM"]
[WhiteElo "2522"]
[Black "Frhat, Ali"]
[BlackTitle "IM"]
[BlackElo "2379"]
[Result "1-0"]
[Source "MonRoi"]

1. e4 c5 2. Nf3 d6 3. c3 Nf6 4. Be2 Nc6 5. d4 cxd4 6. cxd4 d5 7. exd5 Nxd5 8. Nc3 e6 9. O-O Be7 10. Re1 O-O 11. Bd3 Bf6 12. Be4 Nce7 13. Qd3 g6 14. Bh6 Re8 15. Rac1 Nxc3 16. bxc3 Nf5 17. Bxf5 exf5 18. Rxe8 Qxe8 19. Re1 Qd8 20. c4 Bd7 21. h3 Rc8 22. Ne5 Be8 23. Qe3 b5 24. c5 Bh8 25. a3 Qd5 26. Qf4 a5 27. Nf3 Bc6 28. Qd2 Ra8 29. Bf4 Bg7 30. Be5 f6 31. Bd6 g5 32. Qd3 Re8 33. Rxe8 Bxe8 34. Qd2 a4 35. Qa5 Bc6 36. Qd8 Kf7 37. Qe7 Kg6 38. h4 Qe4 39. Ne5 fxe5 40. Qxg5 Kf7 41. Qe7 Kg8 42. Qe6  1-0

[Event "3rd Kolkata Open Grandmaster Chess Tournament "]
[Site "Kolkata India"]
[EventDate "2008.03.23"]
[Date "2008.03.30"]
[Round "7"]
[White "Thejkumar, M  S"]
[WhiteTitle "-"]
[WhiteElo "2382"]
[Black "Murshed, Niaz"]
[BlackTitle "GM"]
[BlackElo "2428"]
[Result "0-1"]
[Source "MonRoi"]

1. d4 e6 2. c4 b6 3. Nf3 Bb7 4. g3 Bb4 5. Bd2 Bxf3 6. exf3 Bxd2 7. Qxd2 d5 8. Nc3 Ne7 9. f4 c6 10. Qd3 Nd7 11. Bg2 Nf6 12. O-O O-O 13. Bh3 g6 14. Rfe1 Kg7 15. Rac1 dxc4 16. Qxc4 Qd6 17. b4 b5 18. Qb3 a5 19. bxa5 Rxa5 20. a4 b4 21. Nd1 Qxd4 22. Rc4 Qd2 23. Qxb4 Qxb4 24. Rxb4 Nfd5 25. Rb7 Rxa4 26. Ne3 Nxe3 27. Rxe3 Kf6 28. Rc3 Rd8 29. Bg4 Rad4 30. Kg2 R8d7 31. Rxd7 Rxd7 32. Bf3 Rc7 33. Rc5 Nd5 34. Kf1 Ke7 35. Ke2 Kd6 36. Ra5 h5 37. Be4 Rb7 38. Bd3 Rb2 39. Kf1 c5 40. Ra7 Nc7 41. Ke1 Rb4 42. Kd2 c4 43. Bc2 f5 44. Ra5 Nd5 45. Ra7 Rb2 46. Kc1 c3 47. Ra3 Rb6 48. Bb3 Nb4 49. Bc4 Kc5 50. Be2 Nd5 51. Ra2 Kd4 52. Ra4 Rb4 53. Ra7 Nf6 54. Ra6 Ne4 55. Rxe6 Rb2 56. f3 Rxe2 57. fxe4 fxe4 58. Rd6 Kc4 59. Rc6 Kd5 60. Rxc3 Rxh2 61. Ra3 Kd4 62. Ra6 e3 63. Kd1 Ke4 64. Rxg6 Kf3 65. Re6 Rh1 66. Kc2 e2  0-1

[Event "3rd Kolkata Open Grandmaster Chess Tournament "]
[Site "Kolkata India"]
[EventDate "2008.03.23"]
[Date "2008.03.31"]
[Round "8"]
[White "Sriram, Jha"]
[WhiteTitle "IM"]
[WhiteElo "2457"]
[Black "Adly, Ahmed"]
[BlackTitle "GM"]
[BlackElo "2551"]
[Result "0-1"]
[Source "MonRoi"]

1. d4 Nf6 2. c4 e6 3. Nf3 d5 4. g3 dxc4 5. Bg2 c5 6. O-O Nc6 7. Ne5 Bd7 8. Na3 cxd4 9. Naxc4 Bc5 10. Bf4 Nxe5 11. Nxe5 Qb6 12. b4 Be7 13. a3 Rc8 14. Qd2 O-O 15. Rfd1 Ba4 16. Rdc1 h6 17. Nf3 Bc6 18. Qxd4 Qxd4 19. Nxd4 Bxg2 20. Kxg2 Nd5 21. Bd2 Bf6 22. e3 Rfd8 23. Rxc8 Rxc8 24. Rc1 Rxc1 25. Bxc1 Bxd4 26. exd4 b5 27. Kf3 f5 28. h4 Kf7 29. h5 Nf6 30. Kf4 Ke7 31. d5 Nxd5 32. Ke5 Nf6 33. Kd4 Kd6 34. Bf4 Kc6 35. Ke5 Kd7 36. Kd4 Nxh5 37. Bb8 a6 38. Kc5 Nf6 39. Kb6 g5 40. Kxa6 Kc6 41. Be5 Nd5  0-1

[Event "3rd Kolkata Open Grandmaster Chess Tournament "]
[Site "Kolkata India"]
[EventDate "2008.03.23"]
[Date "2008.03.31"]
[Round "8"]
[White "Abdulla, Al Rakib"]
[WhiteTitle "GM"]
[WhiteElo "2506"]
[Black "Bakre, Tejas"]
[BlackTitle "GM"]
[BlackElo "2459"]
[Result "1/2-1/2"]
[Source "MonRoi"]

1. d4 Nf6 2. c4 e6 3. Nf3 d5 4. Nc3 Bb4 5. Qa4 Nc6 6. Bd2 O-O 7. e3 dxc4 8. Bxc4 a6 9. O-O-O Qe7 10. Qc2 e5 11. d5 Na5 12. Bd3 b5 13. Ng5 h6 14. Nge4 Nxe4 15. Nxe4 Bxd2 16. Rxd2 f5 17. Ng3 e4 18. Be2 Nb7 19. Nh5 Bd7 20. Kb1 Rac8 21. Rhd1 Nd6 22. Qc5 Kh7 23. Nf4 g5 24. Nh5 Be8 25. Ng3 Bg6 26. Ka1 f4 27. Nf1 Qe5 28. Rc1 f3 29. gxf3 exf3 30. Bd3 Bxd3 31. Rxd3 Nc4 32. Qd4 Qxd4 33. Rxd4 Rfd8 34. b3 Ne5 35. Nd2 c5 36. dxc6 Rxd4 37. exd4 Rxc6 38. Rxc6 Nxc6 39. Nxf3 Kg6 40. Kb2 Kf5 41. Kc3 Ke4 42. Nd2 Kd5 43. Nf3 Ke4 44. Nd2  1/2-1/2

[Event "3rd Kolkata Open Grandmaster Chess Tournament "]
[Site "Kolkata India"]
[EventDate "2008.03.23"]
[Date "2008.03.31"]
[Round "8"]
[White "Dobrov, Vladimir"]
[WhiteTitle "GM"]
[WhiteElo "2501"]
[Black "Sundararajan, Kidambi"]
[BlackTitle "IM"]
[BlackElo "2442"]
[Result "1-0"]
[Source "MonRoi"]

1. e4 c5 2. Na3 Nc6 3. Bb5 Nf6 4. d3 g6 5. c3 Bg7 6. f4 O-O 7. Nf3 d6 8. O-O Bd7 9. Ba4 a6 10. Qe1 b5 11. Bc2 b4 12. Nc4 bxc3 13. bxc3 d5 14. exd5 Nxd5 15. Bd2 Bf5 16. Rb1 Rb8 17. Rxb8 Qxb8 18. Ng5 e5 19. g4 Bxg4 20. Qe4 Nxf4 21. Qxc6 Qd8 22. Bxf4 exf4 23. Nxf7 Rxf7 24. Bb3 Qg5 25. h4 Qxh4 26. Nd6 Qg3 27. Qg2 Qe3 28. Qf2 Qxd3 29. Qxf4  1-0

[Event "3rd Kolkata Open Grandmaster Chess Tournament "]
[Site "Kolkata India"]
[EventDate "2008.03.23"]
[Date "2008.03.31"]
[Round "8"]
[White "Ashwin, Jayaram"]
[WhiteTitle "IM"]
[WhiteElo "2478"]
[Black "Arun Prasad, S"]
[BlackTitle "IM"]
[BlackElo "2423"]
[Result "0-1"]
[Source "MonRoi"]

1. d4 Nf6 2. Nf3 g6 3. c4 Bg7 4. b4 O-O 5. Bb2 c6 6. e3 a5 7. b5 cxb5 8. cxb5 a4 9. Ba3 d5 10. Bd3 Nbd7 11. Nbd2 Re8 12. O-O e5 13. Nxe5 Nxe5 14. dxe5 Ng4 15. Nf3 Nxe5 16. Nxe5 Bxe5 17. Rc1 Qh4 18. f4 Bg7 19. Bc5 Bg4 20. Qe1 Qxe1 21. Rfxe1 a3 22. Kf2 Bb2 23. Rc2 Rec8 24. Bd4 Rxc2 25. Bxc2 Bd7 26. b6 Bxd4 27. exd4 Ra6 28. Rb1 Kf8 29. Bd3 Ra4 30. Ke3 Ke7 31. Bb5 Bxb5 32. Rxb5 Kd6 33. Rb3 Kc6 34. g4 Ra8 35. Kf3 Re8 36. Rxa3 Re4 37. Ra4 Kxb6 38. Rb4 Kc6 39. h3 Re1 40. Rb2 Rd1 41. Rc2 Kd6 42. Rb2 Rd3 43. Ke2 Rxd4 44. Rb6 Kc5 45. Rxb7 Rxf4 46. Ke3 g5 47. Rc7 Kd6 48. Ra7 Ke5 49. a4 f6 50. a5 Ra4 51. Re7 Kd6 52. Rxh7 Rxa5 53. Kd4 Ra4 54. Ke3 Re4 55. Kf3 Re8 56. h4 d4 57. Kf2 gxh4 58. Rxh4 Kd5 59. Kf3 d3 60. Rh1 Kd4 61. Kf4 d2 62. Rd1 Re2 63. Kf5 Rf2 64. Kg6 Ke3 65. Ra1 Ke2 66. Ra2 Ke1  0-1

[Event "3rd Kolkata Open Grandmaster Chess Tournament "]
[Site "Kolkata India"]
[EventDate "2008.03.23"]
[Date "2008.03.31"]
[Round "8"]
[White "Hossain, Enamul"]
[WhiteTitle "IM"]
[WhiteElo "2522"]
[Black "Nolte, Rolando"]
[BlackTitle "-"]
[BlackElo "2412"]
[Result "1/2-1/2"]
[Source "MonRoi"]

1. e4 c5 2. Nf3 d6 3. d4 cxd4 4. Nxd4 Nf6 5. Nc3 a6 6. Be2 e6 7. O-O Be7 8. f4 Qc7 9. a4 Nc6 10. Be3 O-O 11. Kh1 Re8 12. Bf3 Bf8 13. Qd2 Na5 14. b3 d5 15. e5 Nd7 16. Nce2 b6 17. c4 Bb7 18. cxd5 Bxd5 19. Rac1 Qa7 20. Bxd5 exd5 21. Nc6 Nxc6 22. Rxc6 Qb7 23. Qxd5 Rad8 24. Qf3 Bc5 25. Bxc5 Nxc5 26. Nc1 b5 27. h3 h6 28. Kh2 Qc7 29. f5 Qb8 30. Qf4 Rd5 31. e6 fxe6 32. Qxb8 Rxb8 33. fxe6 Re5 34. Rf3  1/2-1/2

[Event "3rd Kolkata Open Grandmaster Chess Tournament "]
[Site "Kolkata India"]
[EventDate "2008.03.23"]
[Date "2008.03.31"]
[Round "8"]
[White "Konguvel, Ponnuswamy"]
[WhiteTitle "IM"]
[WhiteElo "2394"]
[Black "Neelotpal, Das"]
[BlackTitle "GM"]
[BlackElo "2486"]
[Result "1-0"]
[Source "MonRoi"]

1. e4 e5 2. Nf3 Nf6 3. d4 Nxe4 4. Bd3 d5 5. dxe5 Nc6 6. O-O Bg4 7. Nc3 Nxc3 8. bxc3 Bc5 9. Rb1 Rb8 10. Re1 O-O 11. h3 Bh5 12. g4 Bg6 13. Bf5 Ne7 14. Bg5 Kh8 15. Nd4 Qe8 16. Qd3 Bb6 17. Re2 c6 18. Kh1 Bc7 19. f4 a6 20. Rbe1 c5 21. Bxg6 Nxg6 22. Nf5 Bd8 23. Nxg7 Kxg7 24. Bf6 Kg8 25. f5 Bxf6 26. exf6 Qc6 27. fxg6 d4 28. Kg1 Qxf6 29. gxh7 Kh8 30. Rf1 Qg7 31. Rf5 dxc3 32. Rxc5 Rbd8 33. Qxc3 Qxc3 34. Rxc3 Rd7 35. Kg2 Kxh7 36. Kg3 Rfd8 37. Re5 f6 38. Re6 Kg7 39. Rb6 Re7 40. Rf3 Rf8 41. h4 Rc7 42. h5 Rff7 43. c3 Rc4 44. Rb4 Rc6 45. Rd4 Rfc7 46. Kh4 b5 47. Rfd3 Rxc3 48. Rd7 Rxd7 49. Rxd7 Kg8 50. Rd6 Kg7 51. Rxa6 b4 52. Ra7 Kg8 53. h6 Rc5 54. Rb7 Ra5 55. Rxb4 Kh7 56. Rf4 Ra6 57. Kh5  1-0